[Event "Eforie Nord Seacoast op 25th"]
[Site "Eforie Nord"]
[Date "2015.06.27"]
[Round "5"]
[White "Panainte, Daniel Iulian"]
[Black "Kostic, Nebojsa"]
[Result "0-1"]
[WhiteElo "1927"]
[BlackElo "2270"]
[PlyCount "52"]
[EventDate "2015.06.23"]
[EventType "swiss"]
[EventRounds "10"]
[EventCountry "ROU"]
[SourceTitle "CBM 167 Extra"]
[Source "ChessBase"]
[SourceDate "2015.09.14"]
[SourceVersion "1"]
[SourceVersionDate "2015.09.14"]
[SourceQuality "1"]

1. e4 d6 2. d4 Nf6 3. Nc3 c6 4. a4 Qa5 5. Bd3 e5 6. Nge2 Be7 7. 0-0 0-0 8. dxe5 dxe5 9. Ng3 Be6 10. Qe2 Nbd7 11. Bc4 Nc5 12. Bxe6 Nxe6 13. Nf5 Bc5 14. Qf3 g6 15. Ne3 Nh5 16. Ne2 Qd8 17. Ng4 f6 18. Bh6 Nhg7 19. Rfd1 Qe7 20. Be3 h5 21. Bxc5 Nxc5 22. Ne3 Rad8 23. a5 Nge6 24. b4 Ng5 25. Qg3 Ncxe4 26. Qh4 f5 0-1

[Event "Eforie Nord op"]
[Site "Eforie Nord"]
[Date "2014.06.30"]
[Round "8"]
[White "Erzhanov, Arman"]
[Black "Kostic, Nebojsa"]
[Result "1-0"]
[WhiteElo "2278"]
[BlackElo "2271"]
[PlyCount "75"]
[EventDate "2014.06.24"]
[EventType "swiss"]
[EventRounds "11"]
[EventCountry "ROU"]
[SourceTitle "CBM 161 Extra"]
[Source "ChessBase"]
[SourceDate "2014.08.29"]
[SourceVersion "1"]
[SourceVersionDate "2014.08.29"]
[SourceQuality "1"]

1. e4 c6 2. d4 d5 3. e5 Bf5 4. c4 e6 5. Nc3 Nd7 6. a3 dxc4 7. Bxc4 Ne7 8. Nge2 Qc7 9. 0-0 Rd8 10. Qe1 Nb6 11. Ba2 h6 12. Be3 Ned5 13. Rc1 Nxc3 14. Nxc3 Bd3 15. Ne2 Nd5 16. Bxd5 Rxd5 17. Nf4 Bxf1 18. Nxd5 Qd8 19. Nf4 Ba6 20. Qd1 Be7 21. Qg4 g6 22. d5 h5 23. Qh3 g5 24. Nxh5 cxd5 25. Bxa7 Kf8 26. g4 Be2 27. Rc2 Bd1 28. Rc1 Be2 29. Bd4 b6 30. Rc2 Bd1 31. Rc1 Be2 32. Qg3 Bc5 33. Rxc5 bxc5 34. Bxc5+ Kg8 35. Nf6+ Kg7 36. Qe3 Rh6 37. Qxg5+ Rg6 38. Nh5+ 1-0

[Event "SRB-chT2 East"]
[Site "Zajecar"]
[Date "2013.10.11"]
[Round "3"]
[White "Kostic, Nebojsa"]
[Black "Radovanovic, Nikola"]
[Result "1/2-1/2"]
[WhiteElo "2284"]
[BlackElo "2295"]
[PlyCount "91"]
[EventDate "2013.10.10"]
[EventType "team-swiss"]
[EventRounds "8"]
[EventCountry "SRB"]
[SourceTitle "EXT 2014"]
[Source "ChessBase"]
[SourceDate "2013.11.20"]
[SourceVersion "1"]
[SourceVersionDate "2013.11.20"]
[SourceQuality "1"]

1. c4 c5 2. Nf3 Nf6 3. d4 g6 4. Nc3 Bg7 5. e4 0-0 6. Be2 d6 7. 0-0 Na6 8. Rb1 b6 9. Re1 Nc7 10. Bf1 Bg4 11. d5 Rb8 12. h3 Bxf3 13. Qxf3 a6 14. a4 e5 15. dxe6 Nxe6 16. Be3 Nd4 17. Qd1 Ne8 18. Ne2 Nxe2+ 19. Rxe2 Qe7 20. Qd2 Qxe4 21. Rc1 Qc6 22. b3 Nc7 23. Rd1 Rbd8 24. Bg5 Rd7 25. g3 Ne6 26. Bg2 Qc7 27. Be3 Re7 28. Rde1 Rfe8 29. Bd5 Qd7 30. Kg2 b5 31. axb5 axb5 32. cxb5 Qxb5 33. Bg5 Rd7 34. Rxe6 fxe6 35. Rxe6 Rxe6 36. Bxe6+ Kh8 37. Bxd7 Qb7+ 38. f3 Qxd7 39. Qd5 h6 40. Bf4 Qb5 41. Qc4 Qc6 42. Qe6 Qa6 43. h4 Qa2+ 44. Kh3 Qf2 45. Kg4 Kh7 46. Qe3 1/2-1/2

[Event "Nis op"]
[Site "Nis"]
[Date "2013.03.23"]
[Round "3"]
[White "Krstic, Zoran"]
[Black "Kostic, Nebojsa"]
[Result "0-1"]
[WhiteElo "1897"]
[BlackElo "2306"]
[PlyCount "86"]
[EventDate "2013.03.21"]
[EventType "swiss"]
[EventRounds "9"]
[EventCountry "SRB"]
[SourceTitle "CBM 153 Extra"]
[Source "ChessBase"]
[SourceDate "2013.04.22"]
[SourceVersion "1"]
[SourceVersionDate "2013.04.22"]
[SourceQuality "1"]

1. d4 c6 2. c4 d6 3. Nc3 Qc7 4. e4 e5 5. Nge2 Be7 6. g3 Bg4 7. Bg2 Bxe2 8. Nxe2 Nf6 9. h3 0-0 10. 0-0 Re8 11. g4 h6 12. Be3 Nbd7 13. Rc1 b6 14. b4 Rad8 15. Qb3 exd4 16. Nxd4 Bf8 17. f3 g6 18. Rfd1 a6 19. Ne2 Qb7 20. Ng3 b5 21. cxb5 axb5 22. g5 hxg5 23. Bxg5 Rc8 24. h4 Nh7 25. Bf4 Ne5 26. Kf2 Nc4 27. Rxc4 bxc4 28. Qxc4 d5 29. Qb3 Bxb4 30. Rd4 c5 31. Rxd5 c4 32. Qc2 Bc5+ 33. Kf1 Ba7 34. Ne2 Nf6 35. Rg5 Qb6 36. Bg3 Red8 37. Bh3 Rc6 38. Be1 Qe3 39. Ng1 c3 40. Rg2 Rd2 41. Rxd2 cxd2 42. Qxd2 Qxg1+ 43. Ke2 Qh2+ 0-1

[Event "SRB-chT Central"]
[Site "Kraljevo"]
[Date "2011.09.24"]
[Round "10.4"]
[White "Sandic, Vladeta"]
[Black "Kostic, Nebojsa"]
[Result "1/2-1/2"]
[WhiteElo "2334"]
[BlackElo "2295"]
[PlyCount "22"]
[EventDate "2011.09.17"]
[EventType "team-tourn"]
[EventRounds "11"]
[EventCountry "SRB"]
[SourceTitle "CBM 144 Extra"]
[Source "ChessBase"]
[SourceDate "2011.10.28"]
[SourceVersion "1"]
[SourceVersionDate "2011.10.28"]
[SourceQuality "1"]
[WhiteTeam "Ub"]
[BlackTeam "Sloga"]
[WhiteTeamCountry "YUG"]
[BlackTeamCountry "YUG"]

1. d4 c5 2. d5 b5 3. c4 b4 4. b3 Nf6 5. Bb2 g6 6. Nd2 Bg7 7. e4 d6 8. Ngf3 0-0 9. Qc2 a5 10. a4 bxa3 11. Rxa3 Qb6 1/2-1/2

[Event "Nis Svetosavski op"]
[Site "Nis"]
[Date "2011.01.23"]
[Round "4"]
[White "Stojadinovic, Ljubisav"]
[Black "Kostic, Nebojsa"]
[Result "0-1"]
[WhiteElo "2068"]
[BlackElo "2341"]
[PlyCount "86"]
[EventDate "2011.01.21"]
[EventType "swiss"]
[EventRounds "5"]
[EventCountry "SRB"]
[SourceTitle "CBM 140 Extra"]
[Source "ChessBase"]
[SourceDate "2011.03.01"]
[SourceVersion "1"]
[SourceVersionDate "2011.03.01"]
[SourceQuality "1"]

1. e4 d6 2. d4 Nf6 3. Nc3 c6 4. Bg5 Nbd7 5. Nf3 Qa5 6. Bd3 e5 7. dxe5 dxe5 8. 0-0 h6 9. Bd2 Qc7 10. Qe2 Be7 11. a3 a5 12. h3 0-0 13. Bc4 b5 14. Ba2 Nc5 15. b4 axb4 16. axb4 Ne6 17. Nd1 Bd7 18. Nb2 Nf4 19. Bxf4 exf4 20. Nd3 g5 21. e5 Nd5 22. Qd2 Rad8 23. Bxd5 cxd5 24. c3 Rfe8 25. Nd4 Bf8 26. Rfe1 Rc8 27. Rac1 Ra8 28. Nxf4 gxf4 29. Qxf4 Bg7 30. Qg3 Rxe5 31. Re3 Rc8 32. Ne2 Rxe3 33. Qxe3 Re8 34. Qd2 Qc4 35. Nf4 Be6 36. Qe3 Kh7 37. Nh5 Bh8 38. Qf3 Qe4 39. Nf6+ Bxf6 40. Qxf6 Rg8 41. g4 h5 42. g5 Rg6 43. Qe7 Qf4 0-1

[Event "SRB-chT 1st League"]
[Site "Valjevo"]
[Date "2010.09.26"]
[Round "11"]
[White "Mihic, Bojan"]
[Black "Kostic, Nebojsa"]
[Result "1/2-1/2"]
[WhiteElo "2413"]
[BlackElo "2338"]
[PlyCount "69"]
[EventDate "2010.09.18"]
[EventType "team"]
[EventRounds "11"]
[EventCountry "SRB"]
[SourceTitle "CBM 138 Extra"]
[Source "ChessBase"]
[SourceDate "2010.10.29"]
[SourceVersion "1"]
[SourceVersionDate "2010.10.29"]
[SourceQuality "1"]

1. Nf3 b5 2. e4 Bb7 3. Bxb5 Bxe4 4. 0-0 Nf6 5. Re1 e6 6. d4 Be7 7. c4 0-0 8. Nc3 Bb7 9. a3 d6 10. d5 c6 11. dxc6 Nxc6 12. Nd4 Nxd4 13. Qxd4 Qc7 14. b3 a6 15. Ba4 Rfd8 16. Bb2 Rac8 17. Rac1 Qc5 18. Qd2 Qh5 19. Re3 Qg5 20. f4 Qxf4 21. Rf1 Qg5 22. Qe2 Rc5 23. Rg3 Qh5 24. b4 Rg5 25. Rxg5 Qxg5 26. Bc2 Qh4 27. Nd1 Qg4 28. Qf2 Qxc4 29. Ne3 Qc6 30. Qh4 h6 31. Bxf6 Bxf6 32. Rxf6 Qc3 33. Rf2 Rd7 34. Qg3 Qxa3 35. Qf4 1/2-1/2

[Event "SRB-chT 1st League"]
[Site "Valjevo"]
[Date "2010.09.23"]
[Round "8"]
[White "Kostic, Nebojsa"]
[Black "Milosevic, Aleksandar"]
[Result "1/2-1/2"]
[WhiteElo "2334"]
[BlackElo "2244"]
[PlyCount "47"]
[EventDate "2010.09.18"]
[EventType "team"]
[EventRounds "11"]
[EventCountry "SRB"]
[SourceTitle "CBM 138 Extra"]
[Source "ChessBase"]
[SourceDate "2010.10.29"]
[SourceVersion "1"]
[SourceVersionDate "2010.10.29"]
[SourceQuality "1"]

1. d4 Nf6 2. Bg5 e6 3. e3 h6 4. Bh4 Be7 5. Nd2 b6 6. Ngf3 c5 7. c3 cxd4 8. exd4 Bb7 9. Bd3 0-0 10. Bxf6 Bxf6 11. Qe2 Nc6 12. 0-0 g6 13. a4 Bg7 14. Nc4 Ba6 15. Nce5 Bxd3 16. Qxd3 Qc7 17. Rfe1 Rac8 18. Re3 Ne7 19. Nd2 d6 20. Nef3 Rfe8 21. Nf1 Qb7 22. Ree1 a6 23. Ra3 Rc7 24. h4 1/2-1/2

[Event "SRB-chT 1st League"]
[Site "Valjevo"]
[Date "2010.09.18"]
[Round "1"]
[White "Kostic, Nebojsa"]
[Black "Misailovic, Nebojsa"]
[Result "1/2-1/2"]
[WhiteElo "2334"]
[BlackElo "2303"]
[PlyCount "95"]
[EventDate "2010.09.18"]
[EventType "team"]
[EventRounds "11"]
[EventCountry "SRB"]
[SourceTitle "CBM 138 Extra"]
[Source "ChessBase"]
[SourceDate "2010.10.29"]
[SourceVersion "1"]
[SourceVersionDate "2010.10.29"]
[SourceQuality "1"]

1. c4 Nf6 2. Nc3 d5 3. cxd5 Nxd5 4. g3 Nb6 5. Bg2 g6 6. d3 Bg7 7. Be3 0-0 8. Qd2 Nc6 9. Bxc6 bxc6 10. Bh6 c5 11. Bxg7 Kxg7 12. b3 Bb7 13. f3 Qd4 14. Rc1 a5 15. Ne4 a4 16. Nxc5 axb3 17. Nxb3 Qe5 18. Kf2 Ra3 19. f4 Qd6 20. Nf3 Bxf3 21. Kxf3 Nd5 22. Qb2+ f6 23. Nd4 Ra6 24. Nb5 Qd7 25. Qd4 c6 26. Nc3 e5 27. Qc4 Nc7 28. Rb1 exf4 29. Rb7 Ra5 30. g4 Rf7 31. h4 Qe7 32. Qxf4 g5 33. Qb4 Qe5 34. Kg2 Rxa2 35. Nxa2 Qxe2+ 36. Kg3 Re7 37. Rxc7 Qxd3+ 38. Kg2 Qe2+ 39. Kg3 Qd3+ 40. Kg2 Qd5+ 41. Kh2 Qxa2+ 42. Kg3 Rxc7 43. hxg5 Rf7 44. gxf6+ Rxf6 45. Qe7+ Qf7 46. Qe5 Qb3+ 47. Kh4 Qe6 48. Re1 1/2-1/2

[Event "ROM-chT"]
[Site "Baile Herculane"]
[Date "2010.09.10"]
[Round "7.55"]
[White "Ardelean, George Catalin"]
[Black "Kostic, Nebojsa"]
[Result "1/2-1/2"]
[WhiteElo "2502"]
[BlackElo "2338"]
[PlyCount "87"]
[EventDate "2010.09.04"]
[EventType "team-tourn"]
[EventRounds "9"]
[EventCountry "ROU"]
[SourceTitle "EXT 2021"]
[Source "ChessBase"]
[SourceDate "2020.10.23"]
[SourceVersion "1"]
[SourceVersionDate "2020.10.23"]
[SourceQuality "1"]

1. e4 d6 2. d4 Nf6 3. Nc3 e5 4. Nf3 Nbd7 5. g4 Nxg4 6. Rg1 Nb6 7. dxe5 Nxe5 8. Bg5 f6 9. Be3 Bg4 10. Be2 Bxf3 11. Bxf3 Nxf3+ 12. Qxf3 Qd7 13. Bxb6 axb6 14. Nd5 Qf7 15. Rg3 c6 16. Nxb6 Rxa2 17. Rxa2 Qxa2 18. Qf5 Kf7 19. Qd7+ Be7 20. Qxb7 Qb1+ 21. Kd2 Qxb2 22. Qxc6 Qd4+ 23. Ke2 Rb8 24. Nd5 Rb1 25. Nxe7 Qd1+ 26. Ke3 Qe1+ 27. Kf3 Qd1+ 28. Kg2 Qf1+ 29. Kf3 Qd1+ 30. Kf4 Qd2+ 31. Kg4 Kxe7 32. Kh3 Qh6+ 33. Kg2 g6 34. Qc7+ Ke6 35. Qd8 Rb7 36. Qa8 Rc7 37. Qb8 Rd7 38. Qb3+ Ke7 39. Qg8 Rd8 40. Qd5 Qf4 41. Rb3 Qg4+ 42. Kf1 Rd7 43. Rb8 Ra7 44. Rb7+ 1/2-1/2

[Event "ROM-chT"]
[Site "Baile Herculane"]
[Date "2010.09.05"]
[Round "2.45"]
[White "Kostic, Nebojsa"]
[Black "Murariu, Andrei"]
[Result "1-0"]
[WhiteElo "2338"]
[BlackElo "2508"]
[PlyCount "105"]
[EventDate "2010.09.04"]
[EventType "team-tourn"]
[EventRounds "9"]
[EventCountry "ROU"]
[SourceTitle "EXT 2021"]
[Source "ChessBase"]
[SourceDate "2020.10.23"]
[SourceVersion "1"]
[SourceVersionDate "2020.10.23"]
[SourceQuality "1"]

1. c4 e5 2. Nc3 Nf6 3. g3 Bb4 4. Bg2 0-0 5. e4 Bxc3 6. dxc3 d6 7. h3 Be6 8. b3 Nbd7 9. Ne2 Nc5 10. Qc2 a6 11. Be3 b5 12. cxb5 axb5 13. Rd1 Nfd7 14. g4 Ra6 15. 0-0 Qe7 16. Rd2 g6 17. Ng3 f6 18. Rb1 c6 19. Qd1 Nb7 20. a4 bxa4 21. bxa4 Ndc5 22. Bxc5 dxc5 23. Rdb2 Na5 24. Rb6 Ra7 25. Rb8 Rd7 26. Rxf8+ Qxf8 27. Qc1 Ba2 28. Ra1 Bb3 29. Bf1 c4 30. Qe3 c5 31. h4 Kg7 32. Be2 Qd6 33. g5 Rf7 34. gxf6+ Rxf6 35. Qg5 Kh8 36. h5 gxh5 37. Bxh5 Rf8 38. Be2 Qf6 39. Qe3 Rc8 40. Kg2 Qf4 41. Qxf4 exf4 42. Nh5 Bc2 43. f3 Rf8 44. Kf2 Bd3 45. Rd1 Bxe2 46. Kxe2 Nb3 47. Kf2 h6 48. Kg2 Kh7 49. Kh3 Rf7 50. Kg4 Na5 51. Rd6 Nb7 52. Rd5 Re7 53. Kxf4 1-0

[Event "ROM-chT"]
[Site "Baile Herculane"]
[Date "2010.09.04"]
[Round "1.25"]
[White "Miron, Lucian Costin"]
[Black "Kostic, Nebojsa"]
[Result "1-0"]
[WhiteElo "2500"]
[BlackElo "2338"]
[PlyCount "105"]
[EventDate "2010.09.04"]
[EventType "team-tourn"]
[EventRounds "9"]
[EventCountry "ROU"]
[SourceTitle "EXT 2021"]
[Source "ChessBase"]
[SourceDate "2020.10.23"]
[SourceVersion "1"]
[SourceVersionDate "2020.10.23"]
[SourceQuality "1"]

1. d4 d6 2. Nf3 Nf6 3. c4 c6 4. Nc3 Bg4 5. e4 Nbd7 6. Be2 e5 7. Be3 Qc7 8. 0-0 Be7 9. d5 Bxf3 10. Bxf3 c5 11. a3 0-0 12. Be2 a6 13. Rb1 Rfb8 14. Qc2 h6 15. b4 b6 16. b5 axb5 17. Nxb5 Qd8 18. Rb3 Ra6 19. g3 Rba8 20. Bc1 Ne8 21. Bg4 Nc7 22. Nc3 Nf8 23. Qb2 Ne8 24. Bd2 Bg5 25. f4 exf4 26. gxf4 Bf6 27. Bc1 Bd4+ 28. Kh1 Qh4 29. Qg2 Qe7 30. Ne2 Bf6 31. Ng3 g6 32. Re1 Ra4 33. Be2 Bg7 34. Rxb6 Rxa3 35. Bxa3 Rxa3 36. Rb8 Nc7 37. Rb7 Qd8 38. Reb1 Na6 39. Ra7 Qh4 40. Rb6 Ra1+ 41. Bf1 Nb4 42. Rxa1 Bxa1 43. Rxd6 Qxf4 44. Rd8 Qc7 45. Ra8 Bg7 46. Qd2 Qd6 47. Ne2 h5 48. Ng1 Bf6 49. Nf3 Kg7 50. Bh3 Be5 51. Qe2 Nh7 52. Re8 Bf4 53. e5 1-0

[Event "Nis op"]
[Site "Nis"]
[Date "2009.03.31"]
[Round "7"]
[White "Maksimovic, Branimir"]
[Black "Kostic, Nebojsa"]
[Result "1/2-1/2"]
[WhiteElo "2423"]
[BlackElo "2318"]
[PlyCount "21"]
[EventDate "2009.03.25"]
[EventType "swiss"]
[EventRounds "9"]
[EventCountry "YUG"]
[SourceTitle "CBM 129 Extra"]
[Source "ChessBase"]
[SourceDate "2009.05.05"]
[SourceVersion "2"]
[SourceVersionDate "2009.05.20"]
[SourceQuality "1"]

1. Nf3 c5 2. b3 d5 3. e3 Nf6 4. Bb2 a6 5. g3 Bg4 6. Bg2 e6 7. h3 Bh5 8. 0-0 Be7 9. d3 Nc6 10. Nbd2 0-0 11. Qe2 1/2-1/2

[Event "Nis op"]
[Site "Nis"]
[Date "2009.03.28"]
[Round "4"]
[White "Kajganovic, Miodrag"]
[Black "Kostic, Nebojsa"]
[Result "1/2-1/2"]
[WhiteElo "2262"]
[BlackElo "2318"]
[PlyCount "22"]
[EventDate "2009.03.25"]
[EventType "swiss"]
[EventRounds "9"]
[EventCountry "YUG"]
[SourceTitle "CBM 129 Extra"]
[Source "ChessBase"]
[SourceDate "2009.05.05"]
[SourceVersion "2"]
[SourceVersionDate "2009.05.20"]
[SourceQuality "1"]

1. e4 d6 2. d4 Nf6 3. Nc3 Nbd7 4. Nf3 e5 5. Bc4 Be7 6. h3 c6 7. Bb3 0-0 8. Be3 a6 9. g4 exd4 10. Nxd4 Nc5 11. Qf3 Nfd7 1/2-1/2